| 000 | 00766nam a22002057a 4500 | ||
|---|---|---|---|
| 005 | 20240530110519.0 | ||
| 008 | 160215s2013 su a g b 000 0 ara d | ||
| 017 |
_a1433/7093 _bالسعودية . مكتبة الملك فهد الوطنية |
||
| 020 | _a9786038120071 | ||
| 040 | _aEG-CaGPL | ||
| 082 | 0 | 4 |
_221 _a371.92\ _bع ت |
| 100 | 0 | _aعبير طوسون احمد . | |
| 245 | 1 | 2 |
_aالتدريب الميدانى لمسار التوحد و الاضطرابات السلوكية / _cعبير طوسون احمد . |
| 250 | _aط1. | ||
| 260 |
_aالرياض : _bدار الزهراء ، _c2013 . |
||
| 300 |
_a304 ص ؛ _c24 سم . |
||
| 504 | _aببليوجرافية : ص 279 - 294 | ||
| 942 |
_2ddc _cBK |
||
| 999 |
_c61853 _d61853 |
||